000 02381nam0a2200421 4500
001 RU\NLR\BIBL_A\011630809
005 20180420140949.0
010 _a978-5-9908318-9-6
_9100
021 _aRU
_bКН-П-18-001918
_9КН-П-18-0133
035 _a(NLR Aleph) 011630809
035 _a(RuMoRGB)009515202
090 _a11033001
_c11033001
100 _a20180216d2017 k y0rusy50 ca
101 0 _arus
102 _aRU
105 _ay|||zzzz100zy
200 1 _aЯзык и социальная коммуникация
_eсборник научных трудов по материалам I Международной научно-практической конференции, 30 сентября 2017 года, г. Смоленск
_fМеждународный научно-информационный центр "Наукосфера"
_g[редакционная коллегия: Баринов Д. Н., д.ф.н., доц. (ответственный редактор) и др.]
210 _aСмоленск
_cНоваленсо
_d2017
215 _a82 с.
_d21
320 _aБиблиогр. в конце ст.
606 1 _aИностранные языки
_jСъезды, совещания и т.п
_xПреподавание
_xВысшая школа
_92144180
_3RU\NLR\AUTH\661291992
606 1 _aСоциолингвистика
_jСъезды, совещания и т.п
_9990964
_3RU\NLR\AUTH\6656387
606 1 _aЛексикология
_jСъезды, совещания и т.п
_9974748
_3RU\NLR\AUTH\6647302
606 1 _aКоммуникативная лингвистика
_jСъезды, совещания и т.п
_91366505
_3RU\NLR\AUTH\66572162
686 _aШ100.12я431(0)
_2rubbk
686 1 _aШ100.3я431
686 1 _aШ103я431
686 1 _aШ100.0я431
686 1 _aЧ486.17я431
686 1 _aС550.563я431
702 1 _4340
_7ca
_8rus
_aБаринов
_bД. Н.
_gДмитрий Николаевич
_966734
_3RU\NLR\AUTH\7783806
712 0 2 _4570
_a"Наукосфера", международный научно-информационный центр
_cСмоленск
_9591480
_3RU\NLR\AUTH\880464463
942 _cBOOK
980 _aNBR
980 _aNB